000 00466nam a22001817a 4500
003 0
005 20240919162034.0
008 240919b xxu||||| |||| 00| 0 eng d
020 _a978-93-575142-7-9
050 _aPN 4874
_b.H37 2024
100 _aHart, Lelio
245 _aEditor and columnist
_cHart, Lelio
260 _aNew Delhi India
_bRandom publishing
_cC2024
300 _ax,308p.
_c24cm.
500 _aEditor.
501 _aColumnist.
942 _2lcc
_cBK
999 _c366262
_d366262